000
00314nam a2200133Ia 4500
100
_a
Sawhney/A.K.
650
_a
ELECTRONICS
942
_c
BK
245
_a
ELECTRICAL &ELECTRONICS MEASUREMENT & INSTRUMENTS
260
_b
Dhanpat Rai
_a
New Delhi.
082
_a
621.381043/SAW
300
_a
1542
546
_a
ENGLISH
999
_c
24762
_d
24762